| 000 | 00605nam a2200181Ia 4500 | ||
|---|---|---|---|
| 005 | 20260601193220.0 | ||
| 008 | 260601s9999||||xx |||||||||||||| ||und|| | ||
| 020 |
_a978-3-031-44440-1 _qebk |
||
| 100 | _aTodor Tagarev | ||
| 245 | 0 | _aDigital Transformation, Cyber Security and Resilience | |
| 250 | _a1st ed. 2024 | ||
| 260 |
_aHeidelberg, Germany _bSpringer Nature _c2024 |
||
| 440 | _aCommunications in Computer and Information Science | ||
| 650 | _aComputer Science | ||
| 700 | _aNikolai Stoianov | ||
| 856 | _uhttps://link.springer.com/openurl?genre=book&isbn=978-3-031-44440-1 | ||
| 942 |
_cEB _2ddc |
||
| 999 |
_c55764 _d55764 |
||